MARC

LEADER 00000nam0a2200000 4500
001 324850
005 20231102003715.0
035 |a (RuTPU)RU\TPU\book\350461 
090 |a 324850 
100 |a 20161123d1972 m y0rusy50 ca 
101 0 |a rus 
102 |a RU 
105 |a a z 001zy 
200 1 |a Идолы века. Средства массовой информатизации и капитализм  |f В. С. Коробейников 
210 |a Москва  |c Молодая гвардия  |d 1972 
215 |a 272 с.  |c ил. 
320 |a Библиогр.: с. 270-271 
606 1 |a Буржуазная идеология  |x Пропаганда  |2 stltpush  |3 (RuTPU)RU\TPU\subj\30422  |9 53532 
606 1 |a Буржуазный образ жизни  |2 stltpush  |3 (RuTPU)RU\TPU\subj\30429  |9 53538 
610 1 |a массовая коммуникация 
610 1 |a массовая информация 
610 1 |a капитализм 
610 1 |a капиталистические страны 
610 1 |a идеологическая борьба 
610 1 |a ценности 
610 1 |a 20 век 
686 |a Ф4(0,8)5  |v LBC/SL-A  |2 rubbk 
686 |a Ф3(0,8)6  |v LBC/SL-A  |2 rubbk 
700 1 |a Коробейников  |b В. С.  |g Валерий Семенович 
801 1 |a RU  |b 63413507  |c 20161123 
801 2 |a RU  |b 63413507  |c 20161124  |g RCR 
942 |c BK